Logo biblioteca
Santa Fe 2917, Rosario, Santa Fe
Lu-Vi 8 a 19.45
+54-341-4232362
bibliotecaeudoro@gmail.com
Facebook Biblioteca Pedagógica
Sitio web

Interferencias en los procesos de aprendizaje. (Registro nro. 32536)

Detalles MARC
000 -CABECERA
campo fijo de control de longitud 01238nab a2200241 4500
003 - IDENTIFICADOR DEL NÚMERO DE CONTROL
campo de control AR-RoBPED
005 - FECHA Y HORADE LA ULTIMA TRANSACCION
campo de control 20260409090204.0
008 - ELEMENTOS DE LONGITUD FIJA--INFORMACION GENERAL
campo fijo de control de longitud 260409b |||||||| |||| 00| 0 spa d
040 ## - FUENTE CATALOGADORA
Centro catalogador/agencia de origen AR-RoBPED
041 ## - IDIOMA
Código de idioma para texto/pista de sonido o título independiente spa
100 1# - ENCABEZAMIENTO PRINCIPAL--AUTOR PERSONAL
Nombre de persona Miraglia, Flavia C.
9 (RLIN) 30732
Función Profesora en Educación Inicial
245 1# - TITULO
Título Interferencias en los procesos de aprendizaje.
Subtítulo Una mirada desde el Nivel Inicial y los nuevos escenarios educativos /
260 ## - PUBLICACION
Lugar Buenos Aires :
Editor Noveduc,
Fecha 2025
300 ## - DESCRIPCION FISICA
Extensión 59-61 p.
500 ## - NOTA GENERAL
Nota general En primera persona, la autora presenta un recorte de la experiencia en una sala de jardín de infantes. Una, entre tantas que describen el sentir y la mirada de una maestra jardinera, que a veces se siente demasiado sola frente a un contexto educativo que, por momentos, desconoce hechos cotidianos e íntimos que ocurren dentro de las aulas.
650 #7 - TERMINO DE MATERIA--CONTROLADO
Término controlado PROCESOS DE APRENDIZAJE
9 (RLIN) 906
Término controlado NIVEL INICIAL
9 (RLIN) 1213
Término controlado JARDINES DE INFANTES
9 (RLIN) 27376
Término controlado EXPERIENCIA DEL DOCENTE
9 (RLIN) 14611
773 0# - DOCUMENTO FUENTE
Host Biblionumber 20414
Host Itemnumber 41867
Place, publisher, and date of publication Buenos Aires : Noveduc, 1993-
Título Novedades Educativas
Record control number (AR-RoBPED)20414
International Standard Serial Number 03283534
942 ## - ELEMENTOS KOHA
Fuente de clasificación Universal Decimal Classification
Koha tipo de ítem Revistas
Clasificación 37(05)
Signatura librística Nov 86 N° 400 (Febr.2025)
Número Koha k.32536
945 ## - PROCESAMIENTO DE LA INFORMACIÓN LOCAL
Catalogador y fecha mar 04/2026

No hay ítems disponibles.